The China human development report.

Saved in:
Bibliographic Details
Corporate Author: United Nations.
Format: Book
Language:English
Published: Oxford : Oxford University Press, 1999.
Subjects:
Tags: Add Tag
No Tags, Be the first to tag this record!
LEADER 01189cam a2200397Ma 4500
001 014530993-2
005 20151117093459.0
008 990819s1999 enka 000 0 eng d
020 |a 0195132114 
020 |a 9780195132113 
020 |a 0195132106 
020 |a 9780195132106 
035 0 |a ocn754867903 
040 |a A7U  |b eng  |c A7U  |d OCLCQ  |d OCLCF  |d OCLCO  |d OCL  |d OCLCQ 
043 |a a-cc--- 
050 1 4 |a HC427.92  |b .C46395 1999 
245 0 4 |a The China human development report. 
260 |a Oxford :  |b Oxford University Press,  |c 1999. 
300 |a vi, 135 pages :  |b illustrations ;  |c 29 cm 
336 |a text  |b txt  |2 rdacontent 
337 |a unmediated  |b n  |2 rdamedia 
338 |a volume  |b nc  |2 rdacarrier 
651 0 |a China  |x Social conditions  |y 1976-2000. 
650 0 |a Human capital  |z China. 
650 0 |a Quality of life  |z China. 
651 0 |a China  |x Economic conditions  |y 1976-2000. 
650 7 |a Economic history.  |2 fast 
650 7 |a Human capital.  |2 fast 
650 7 |a Quality of life.  |2 fast 
650 7 |a Social conditions.  |2 fast 
651 7 |a China.  |2 fast 
648 7 |a 1976 - 2000  |2 fast 
710 2 |a United Nations. 
988 |a 20151117 
049 |a HMYY 
906 |0 OCLC